Normal view
MARC view
Entry Topical Term
001 - CONTROL NUMBER
- control field: 9531
003 - CONTROL NUMBER IDENTIFIER
- control field: ARRUPE
005 - DATE AND TIME OF LATEST TRANSACTION
- control field: 20140327135411.0
008 - FIXED-LENGTH DATA ELEMENTS
- fixed length control field: 140327|| aca||aabn | a|a d
040 ## - CATALOGING SOURCE
- Original cataloging agency: ARRUPE
- Transcribing agency: ARRUPE
150 ## - HEADING--TOPICAL TERM
- Topical term or geographic name as entry element: Zoology
- General subdivision: Ecology
- Geographic subdivision: Africa, East
670 ## - SOURCE DATA FOUND
- Source citation: Work cat.: (ARRUPE): Myers, Norman 9530, The Lone African Day, 1972